Towards a New Breton Woods: challenge for the world financial and trading system (Record no. 81362)

MARC details
000 -LEADER
fixed length control field 00936nam a2200205 a 4500
008 - FIXED-LENGTH DATA ELEMENTS--GENERAL INFORMATION
fixed length control field 120416s1983 ||||||||||||||||| || u
020 ## - INTERNATIONAL STANDARD BOOK NUMBER
International Standard Book Number 0582902614
050 ## - LIBRARY OF CONGRESS CALL NUMBER
Classification number HG 3881 Tow
110 ## - MAIN ENTRY--CORPORATE NAME
Corporate name or jurisdiction name as entry element Commonwealth Secretariat
245 10 - TITLE STATEMENT
Title Towards a New Breton Woods: challenge for the world financial and trading system
260 ## - PUBLICATION, DISTRIBUTION, ETC.
Place of publication, distribution, etc. London:
Name of publisher, distributor, etc. Commonwealth Secretariat
Date of publication, distribution, etc. 1983
300 ## - PHYSICAL DESCRIPTION
Extent xii, 148p.
350 ## -
-- 0.00
500 ## - GENERAL NOTE
General note report by a Commonwealth study group
650 #0 - SUBJECT ADDED ENTRY--TOPICAL TERM
Topical term or geographic name entry element FINANCE--DEVELOPING COUNTRIES
650 #0 - SUBJECT ADDED ENTRY--TOPICAL TERM
Topical term or geographic name entry element COMMERCE
650 #0 - SUBJECT ADDED ENTRY--TOPICAL TERM
Topical term or geographic name entry element INTERNATIONAL ECONOMIC RELATIONS--HANDBOOKS, MANUALS, E.T.C
995 ## -
-- SPECIAL COLLECTIONS
-- 0.00
-- 03007150
-- CBU-MAIN LIBRARY (Kitwe)
-- 1
-- 0.00
-- COMM(02)1983/2
-- 3
-- AVAILABLE
-- Sep 27, 2010
-- Z03007150
-- International Publications
995 ## -
-- ANNEX COLLECTION (Main Library)
-- 0.00
-- 710137
-- CBU-MAIN LIBRARY (Kitwe)
-- 1
-- 5.00
-- HG 3881 Tow
-- 1
-- AVAILABLE
-- 008023
-- Annex Low-Usage Collection
999 ## -
-- 81362
-- 81362
Holdings
Withdrawn status Lost status Source of classification or shelving scheme Damaged status Not for loan Permanent Location Current Location Shelving location Date acquired Total Checkouts Full call number Barcode Date last seen Copy number Price effective from Koha item type
          CBU-MAIN LIBRARY, KITWE. CBU-MAIN LIBRARY, KITWE.   08/18/2023   HG 3881 Tow Z03007150 08/18/2023 1 08/18/2023 SPECIAL COLLECTION
          CBU-MAIN LIBRARY, KITWE. CBU-MAIN LIBRARY, KITWE.   08/18/2023   HG 3881 Tow 008023 08/18/2023 2 08/18/2023 MONOGRAPH